Tilastot visalle Suomalaisia televisio-ohjelmia 2

Klikkaa tästä pelataksesi tätä visaa!

Yleistilastot

  • Tätä visaa on pelattu 184 kertaa
  • Keskiarvotulos 4 / 11

Vastaustilastot

VuosinaOhjelmina juontajinaOhjelma% Oikein
2005-Sampo MarjomaaHauskat kotivideot
87%
2006-Marco Bjurström (2006-2009) Ella Kanninen (2006-2007, 2012) Vanessa Kurri (2008) Vappu Pimiä (2009-2011, 2013) Mikko Leppilampi (2010-)Tanssii tähtien kanssa
74%
1993-2001Kim Floor (1993) Janne Porkka (1993-2001)Onnenpyörä
64%
2012-Henkka HyyppönenHyvät ja huonot uutiset
43%
2009-Susanna Laine ja Mikko KekäläinenPuoli Seitsemän
43%
2000-2004Simo FrangenMaailman ympäri
42%
2003-2011KanaStaraoke
33%
2001-2005Taru Valkeapää (2001-2002) Mila Kajas (2003) Janne Virtanen (2004) Karoliina Blackburn (2005)Suuri seikkailu
26%
2005-Ruben StillerPressiklubi
19%
2001-2009Jarmo MäkinenRikostarinoita Suomesta
11%
1991-1994Heimo HolopainenFrank Pappa Show
6%

Tulosjakauma

Persentiili vastausten määrän mukaan

Jokaisen tuloksen saaneiden osuus

Tuloshistoriasi

Et ole pelannut tätä visaa